Countries that don't border other countries - Statistics

General Stats
  • This quiz has been taken 42 times
  • The average score is 34 of 40
Answer Stats
Answer % Correct
Australia
100%
Madagascar
97%
Iceland
94%
St Lucia
94%
Japan
92%
New Zealand
92%
Sri Lanka
92%
Bahamas
89%
Cyprus
89%
Jamaica
89%
Malta
89%
Mauritius
89%
Samoa
89%
Cuba
86%
Maldives
86%
Nauru
86%
Solomon Islands
86%
St Kitts and Nevis
86%
St Vincent and the Grenadines
86%
Taiwan
86%
Tonga
86%
Vanuatu
86%
Antigua and Barbuda
83%
Cape Verde
83%
Comoros
83%
Fiji
83%
Marshall Islands
83%
Tuvalu
83%
Dominica
81%
Grenada
81%
Micronesia
81%
Palau
81%
Philippines
81%
Sao Tome and Principe
81%
Seychelles
81%
Barbados
75%
Kiribati
75%
Trinidad and Tobago
75%
Bahrain
69%
Singapore
44%
No matching quizzes found
Score Distribution
Percent of People with Each Score
Percentile by Number Answered
Your Score History
You have not taken this quiz